| 000 | 01958cam a22003854i 4500 | ||
|---|---|---|---|
| 003 | PE-LiUPU | ||
| 005 | 20250731173212.0 | ||
| 008 | 150625s r 000 0 d | ||
| 035 | _a(Sirsi) a32363 | ||
| 040 |
_aPE-LiUPU _bspa _cPE-LiUPU _erda |
||
| 082 | 0 | 4 |
_a203 _bB12 _221 |
| 100 | 1 |
_aBaker Girdlestone, Robert, _eautor. |
|
| 245 | 1 | 0 |
_aSinonimos del antiguo testamento / _cRobert Baker Girdlestone. |
| 264 | 1 |
_aBarcelona : _bClie, _c1986. |
|
| 336 |
_atext _2rdacontent |
||
| 337 |
_aunmediated _2rdamedia |
||
| 338 |
_avolume _2rdacarrier |
||
| 505 | 0 | _aAcerca de la traducción. - Los nombres de Dios. - Los nombres del hombre. - Alma y espiritu. - Corazón, voluntad, conciencia, entendimiento. - Pecado. - Arrepentimiento, conversión, enmienda. - Perfección. - Justicia, fe , esperanza. - Gracia, misericordia, amor. - Redención y salvación. - Expiación, perdon, aceptación. - Purificación, bautismo. - Justificación. - Santificación, unción. - Ofrendas, altar. - Palabra, ley, pacto. - Adorar, alabar, predicar. - Templo, tabernaculo, congregación, iglesia. - Profeta, sacerdote, anciano, ministro. - Rey, juez, castigar. - Nación, pueblo. - Tierra, mundo, cielo. - Destrucción, muerte, infierno. - Satanas, tentador. - Hechicería, adivinación. - Idolo, bosque, lugar alto, Eterno, siglo venidero. | |
| 526 | _aSEG42 | ||
| 526 | _aSEG41 | ||
| 526 | _aSEG40 | ||
| 526 | _aSEG39 | ||
| 526 | _aP94 | ||
| 526 | _aP87 | ||
| 526 | _aP86 | ||
| 526 | _aP85 | ||
| 526 | _aP77 | ||
| 526 | _aP76 | ||
| 526 | _aP35 | ||
| 942 |
_2ddc _cBOOK |
||
| 949 |
_a203 B12 _wDEWEY _c1 _i31684 _lCCODEBUL1 _mBUL _p00.00 _r0 _sY _tBOOK _u2015-06-25 _xBIBLIOTECA _zUNKNOWN _0COMPRA _o.STAFF. Colección General |
||
| 596 | _a1 | ||
| 999 |
_a203 B12 _wDEWEY _c40007 _i31684 _d40007 _f2021-11-9 _g5 _lCCODEBUL1 _mBUL _q1 _r0 _sY _tBOOK _u2015-6-25 _xTEOLOGIA _zUNKNOWN _0COMPRA _o.STAFF. Colección General |
||
| 980 |
_81 _gALBERTO SANCHEZ Responsable de Automatización |
||